History Quiz

Random History or Clickable Quiz
Score 0/34 Timer 10:00
0 Plays Today
% Correct
New York
95.7%
Massachusetts
93.2%
Illinois
90.7%
Pennsylvania
88.7%
Georgia
87.1%
Michigan
86.8%
Maryland
86.7%
Louisiana
86.2%
Colorado
85%
Indiana
84.3%
Rhode Island
84.1%
Minnesota
81.3%
Delaware
78.4%
Washington
77.7%
Oklahoma
75.8%
Utah
75.7%
Wisconsin
74.9%
% Correct
Maine
73.4%
Arkansas
73.4%
Nebraska
73%
Oregon
71.8%
Kentucky
71.7%
New Hampshire
71.4%
Iowa
70.9%
Vermont
68.9%
New Jersey
68.2%
Idaho
67.3%
Tennessee
67.2%
Alabama
65.6%
North Dakota
64.1%
South Dakota
60.4%
Wyoming
60.3%
North Carolina
58.7%
Florida
41.1%
Remove Ads.
Support Sporcle.
Get the best of Sporcle when you Go Orange. This ad-free experience offers more features, more stats, and more fun while also helping to support Sporcle. Thank you for becoming a member.

You're not logged in!

Compare scores with friends on all Sporcle quizzes.
OR
Log In

Show Comments

Extras

Top Quizzes Today


Score Distribution

Your Account Isn't Verified!

In order to create a playlist on Sporcle, you need to verify the email address you used during registration. Go to your Sporcle Settings to finish the process.

Report this User

Report this user for behavior that violates our Community Guidelines.

Details: